000
00238nam a2200097Ia 4500
001
651449
005
20250826154419.0
008
250824s9999 xx 000 0 und d
245
0
_a
Bir Değer İki Öykü
_c
Duran Çetin
260
_b
KAYALIPARK
999
_c
651449
_d
651449